Somatic and autonomic nerve-muscle interactions /

Bibliographic Details
Other Authors: Burnstock, Geoffrey, O'Brien, R., Vrbová, Gerta
Format: Book
Language:English
Published: Amsterdam ; New York : Elsevier ; 1983.
Series:Research monographs in cell and tissue physiology ; v. 8.
Subjects:

MARC

Tag First Indicator Second Indicator Subfields
LEADER 00000pam a2200000 a 4500
001 in00000385421
005 20151011105418.0
008 830324s1983 ne a b 00100 eng
010 |a  83005586  
020 |a 0444804587 
035 |a (OCoLC)09412299 
035 |9 ABR5252AM 
039 0 |a 2  |b 3  |c 3  |d 3  |e 3 
040 |a DLC  |c DLC  |d TXA  |d UtOrBLW 
049 |a TXAM  |c [1119188] 
050 0 0 |a QP369.5  |b .S65 1983 
060 0 |a W1 RE232GL  |a WL 102 S6925 
082 0 |a 599.01/88  |2 19 
245 0 0 |a Somatic and autonomic nerve-muscle interactions /  |c editors, G. Burnstock, R. O'Brien, and G. Vrbova. 
264 1 |a Amsterdam ;  |a New York :  |b Elsevier ;  |c 1983. 
264 2 |a New York :  |b Sole distributors for the U.S.A. and Canada, Elsevier Science Pub. Co., 
300 |a xiv, 390 pages :  |b illustrations ;  |c 25 cm. 
336 |a text  |b txt  |2 rdacontent 
337 |a unmediated  |b n  |2 rdamedia 
338 |a volume  |b nc  |2 rdacarrier 
490 1 |a Research monographs in cell and tissue physiology ;  |v v. 8 
504 |a Includes bibliographies and index. 
650 0 |a Myoneural junction. 
650 0 |a Muscles  |x Innervation. 
650 0 |a Neuromuscular diseases. 
650 2 |a Nervous System Physiological Phenomena. 
650 2 |a Muscles  |x physiology. 
650 2 |a Action Potentials. 
650 2 |a Neuromuscular Junction  |x physiology. 
650 2 |a Muscles  |x innervation. 
700 1 |a Burnstock, Geoffrey. 
700 1 |a O'Brien, R. 
700 1 |a Vrbová, Gerta. 
830 0 |a Research monographs in cell and tissue physiology ;  |v v. 8. 
999 |a MARS 
999 f f |s 950f5443-3fa7-3909-abf3-ef9b6eb148e0  |i b113dc93-d01d-348f-b855-eef9d7013504  |t 0 
952 f f |p ric  |a Texas A&M University  |b Rellis Campus  |c Joint Library Facility  |d Remote Storage  |t 0  |e QP369.5 .S65 1983  |h Library of Congress classification  |i unmediated -- volume  |m A14807653429 
998 f f |a QP369.5 .S65 1983  |t 0  |l Remote Storage